00492nam a2200133 a 450000100100000000500170001000800410002704000250006808200160009310000370010924501070014626000630025330000420031600003692520200930080026.0120206s1988 pr ac 000 0 spa d aDO-SdBNPbspacBNPHU axxxxbF866m1 aFreire Díaz, Joaquín,d1913-10aMinorías ¿De que? :bHistoria de la inmigración en los Estados Unidos /cJoaquín Freire Díaz. aSan Juan, Puerto Rico :bCultural Puertorriqueña,c1988. a456 p. :bil., mapa, retrs. ;c23 cm.